Loading...
| Literature - American | 0 | 6 | 0 | 1 | 60 | 111 | 135.50 | 1 | 6 | 0.00 | 0.00 |
| Philosophy | 2 | 4 | 3 | 1 | 55 | 69 | 96.17 | 2 | 6 | 0.00 | 0.00 |
| Fine Arts - Other | 1 | 4 | 0 | 1 | 55 | 82 | 111.00 | 3 | 5 | 0.00 | 0.00 |
| Literature - European | 0 | 6 | 1 | 1 | 55 | 89 | 126.33 | 2 | 6 | 0.00 | 0.00 |
| Fine Arts - Visual | 1 | 4 | 1 | 2 | 50 | 76 | 110.20 | 2 | 5 | 0.00 | 0.00 |
| Social Science | 1 | 3 | 1 | 1 | 40 | 49 | 109.50 | 1 | 4 | 0.00 | 0.00 |
| History - European | 2 | 1 | 0 | 1 | 40 | 63 | 90.00 | 2 | 3 | 0.00 | 0.00 |
| Literature - British | 1 | 4 | 3 | 2 | 40 | 86 | 115.60 | 1 | 5 | 0.00 | 0.00 |
| History - American | 1 | 2 | 0 | 1 | 35 | 87 | 116.33 | 1 | 3 | 0.00 | 0.00 |
| Mythology | 0 | 3 | 0 | 0 | 30 | 93 | 111.67 | 2 | 3 | 0.00 | 0.00 |
| History - Ancient/Other | 0 | 3 | 1 | 0 | 25 | 93 | 103.67 | 1 | 3 | 0.00 | 0.00 |
| Fine Arts - Auditory | 0 | 2 | 1 | 0 | 15 | 90 | 120.00 | 0 | 2 | 0.00 | 0.00 |
| Literature - World | 0 | 2 | 1 | 0 | 15 | 145 | 148.50 | 0 | 2 | 0.00 | 0.00 |
| Science - Other | 0 | 1 | 0 | 1 | 10 | 135 | 135.00 | 0 | 1 | 0.00 | 0.00 |
| Science - Physics | 0 | 1 | 0 | 0 | 10 | 134 | 134.00 | 0 | 1 | 0.00 | 0.00 |
| Other Academic | 0 | 1 | 0 | 0 | 10 | 119 | 119.00 | 0 | 1 | 0.00 | 0.00 |
| Religion | 0 | 1 | 1 | 1 | 5 | 138 | 138.00 | 0 | 1 | 0.00 | 0.00 |
| Science - Chemistry | 0 | 0 | 0 | 0 | 0 | 0.00 | 0 | 0 | 0.00 | 0.00 | |
| Current Events | 0 | 0 | 1 | 0 | -5 | 0.00 | 0 | 0 | 0.00 | 0.00 |